000 00724 a2200217 4500
999 _c6908
_d6908
020 _a9780857025623
020 _a0857025627
020 _a9780857025630
020 _a0857025635
050 0 0 _aH62 THO 2011
100 1 _aThomas, Gary,
_d1950-
_eauthor
245 1 0 _aHow to do your case study :
_ba guide for students and researchers /
_cGary Thomas.
264 _aLos Angeles :
_bSage,
_c2011.
300 _axi, 231 p. :
_bill. ;
500 _aIncludes index
504 _aIncludes bibliographical references (p. [219]-224)
650 0 _aSocial sciences
_xResearch
_xMethodology.
942 _2lcc
_cBK
_h62
_iTHO
_kH